000 00682nam a2200241 a 4500
001 BRL_1798
005 20190320211354.0
008 030815s19uu----mx-a######---#000-0#eng-#
041 _aeng
044 _amx
050 4 _aF1219.3.R38
_b.C37 1900
100 1 _aCaso, Alfonso
_917369
245 1 0 _aThe religion of the aztecs
_cAlfonso Caso.
260 _aMéxico
_bFray B. de Sahagun
_c[19--]
300 _a63 p.
_bil.
_c22 cm.
500 _aAu2007
504 _aBibliografía: p. 63
650 1 4 _aAztecas
_92396
650 1 4 _aMitología indígena
_zMéxico
_923568
650 1 4 _aIndígenas de México
_xReligión y Mitología
_zMéxico
_927658
902 _aGRL
942 _2lcc
_cB
999 _c10606
_d10606